Código florestal e legislação correlata / (Record no. 701)

MARC details
000 -LÍDER
Campo Fixo de Controle 00859nam a2200289 a 4500
001 - NÚMERO DE CONTROLE
Campo de Controle 701
003 - IDENTIFICAÇÃO DO NÚMERO DE CONTROLE
Campo de Controle BR-CuiBMT
005 - DATA E HORA DA ÚLTIMA ATUALIZAÇÃO
Campo de Controle 20231113231913.0
008 - DADOS FIXOS
Dados Fixos 231113s2010 dfb 001 0 por d
020 ## - INTERNATIONAL STANDARD BOOK NUMBER
Nº do ISBN 9788570183057
040 ## - AGÊNCIA CATALOGADORA
Código da Agência Catalogadora BR-CuiBMT
Agência que transcreveu o registro BR-CuiBMT
080 ## - Nº DA CLASSIFICAÇÃO DECIMAL UNIVERSAL
Nº edição CDU 2007
Nº Class. CDU 502.14
Subd. Auxiliar Comum (094.5)
090 ## - NÚMERO DE CHAMADA
Nº classificação 502.14(094.5)
Cutter B823c
Ano/Edição 2. ed.
110 1# - ENTRADA PRINCIPAL -- ENTIDADE
Nome da entidade ou lugar Brasil.
Unidade subordinada Senado Federal.
Local de realização do evento Brasília.
240 ## - TÍTULO UNIFORME/ORIGINAL
Título original Código Florestal (1965).
245 ## - TÍTULO PRINCIPAL
Título principal Código florestal e legislação correlata /
Indicação de responsabilidade Senado Federal.
250 ## - EDIÇÃO
Edição 2. ed.
260 ## - PUBLICAÇÃO, DISTRIBUIÇÃO, ETC.
Local de publicação Brasília:
Editora Senado Federal,
Data 2010.
300 ## - DESCRIÇÃO FÍSICA
N. páginas ou volumes 156 p. ;
Dimensões 23 cm
490 1# - INDICAÇÃO DE SÉRIE
Título da série Coleção ambiental
Volume/designação sequencial da série 4
500 ## - NOTAS GERAIS
Notas gerais Atualizada até março/2010
504 ## - NOTA DE BIBLIOGRAFIA, ETC.
Nota de bibliografia inclui índice.
650 ## - ASSUNTO TÓPICO
Cabeçalho tópico ou nome geográfico Direito ambiental
Subdivisão geográfica Brasil
650 ## - ASSUNTO TÓPICO
Fonte do cabeçalho ou termo Código florestal
Subdivisão cronológica 1965
Subdivisão geográfica Brasil
830 ## - ENTRADA SECUNDÁRIA DE SÉRIE -- TÍTULO UNIFORME
Título uniforme Ambiental
Nº do volume/designação sequencial da série 4
942 ## - ELEMENTOS DE ENTRADA ADICIONAIS (KOHA)
Fonte de classificação ou esquema de arquivamento Classificação Decimal Universal
Tipo de item do Koha Livros
Holdings
Estado: removido Estado: perdido Fonte de classificação ou esquema de arquivamento Estado: danificado Indisponível para empréstimo Localização permanente Localização atual Data de aquisição Total Checkouts Número de Chamada completo Código de barras Date last seen Número do exemplar Preço efetivo a partir de Tipo de item (Koha)
    Classificação Decimal Universal     Biblioteca da Escola Superior de Contas do TCE/MT Biblioteca da Escola Superior de Contas do TCE/MT 13/11/2023   502.14(094.5) B823c BIBTCEMT23110551 13/11/2023 Ex. 1 13/11/2023 Livros

Powered by Koha